La arqueologia en la u.r.s.s. /

Guardado en:
Autor Principal: Mongait, Alexandr
Formato: Libro
Publicado: Moscu : Ediciones En Lenguas Extranjeras, 1960
Materias:
Etiquetas: Agregar Etiqueta
Sin Etiquetas, Sea el primero en etiquetar este registro!
LEADER 00496nam a22001575a 4500
001 EHU.bham004313
003 AR-BHAM
005 20080215124228.0
008 130507s1960##################000#0#####d
082 5 7 |a 571 
100 1 |a Mongait, Alexandr 
245 1 0 |a La arqueologia en la u.r.s.s. /  |c Alexandr Mongait. 
260 |a Moscu :  |b Ediciones En Lenguas Extranjeras,  |c 1960 
300 |a 448 p. 
653 |a Arqueologia 
859 |a AR-BHAM  |b BIB. HUMANIDADES - Lectura de escasa demanda  |h 571  |i M747  |p 1146.64  |t Ej.1  |v LED820